[Event "SVK-chT 9798"]
[Site "SVK"]
[Date "1997.??.??"]
[Round "1"]
[White "Kijac, Miroslav"]
[Black "Marek, Stanislav"]
[Result "1/2-1/2"]
[WhiteElo "2145"]
[BlackElo "2130"]

1.Nf3 Nf6 2.d4 b6 3.c4 e6 4.Nc3 Bb4 5.Qc2 Bb7 6.a3 Bxc3+ 7.Qxc3 O-O 8.Bg5 c5
9.e3 cxd4 10.exd4 d5 11.c5 a5 12.Ne5 bxc5 13.Qxc5 Ne4 14.Bxd8 Nxc5 15.dxc5 Rxd8
16.Rc1 Nc6 17.Nxc6 Bxc6 18.b4 axb4 19.axb4 Rdb8 20.Rb1 Bb5 21.Kd2 Kf8 22.Kc3 Ra3+
23.Kb2 Ra4 24.Kc3 Ra3+ 25.Kb2  1/2-1/2

[Event "SWZ-chT9697"]
[Site "SWZ"]
[Date "1997.??.??"]
[Round "?"]
[White "Barbero, Gerardo F"]
[Black "Huss, Andreas"]
[Result "1-0"]
[WhiteElo "2435"]
[BlackElo "2325"]

1.d4 e6 2.c4 Nf6 3.Nf3 b6 4.Nc3 Bb4 5.Qb3 a5 6.Bg5 Bb7 7.O-O-O h6 8.Bh4 Bxc3
9.Qxc3 Na6 10.a3 Be4 11.Ne5 g5 12.Bg3 d6 13.d5 dxe5 14.Bxe5 Nc5 15.dxe6 Qxd1+
16.Kxd1 O-O-O+ 17.Ke1 Na4 18.Qc1  1-0

[Event "SWZ-chT9697"]
[Site "SWZ"]
[Date "1997.??.??"]
[Round "?"]
[White "Rufener, Markus"]
[Black "Pelletier, Yannick"]
[Result "1/2-1/2"]
[WhiteElo "2085"]
[BlackElo "2470"]

1.d4 Nf6 2.c4 e6 3.Nf3 b6 4.Nc3 Bb4 5.Bg5 h6 6.Bh4 Bb7 7.e3 g5 8.Bg3 Ne4
9.Qc2 Bxc3+ 10.bxc3 d6 11.Bd3 Nxg3 12.fxg3 Nd7 13.Be4 c6 14.O-O Qe7 15.Nd2 O-O
16.Rf2 f5 17.Bd3 d5 18.Be2 g4 19.Raf1 Nf6 20.h3 Nh5 21.hxg4 Nxg3 22.Re1 Qh4
23.Rf4 Ne4 24.Rff1 Qg3 25.Bf3 Ng5 26.Kh1 Qh4+ 27.Kg1 Qg3 28.Kh1 Qh4+  1/2-1/2

[Event "SWZ-chT9697"]
[Site "SWZ"]
[Date "1997.??.??"]
[Round "?"]
[White "Rufener, Markus"]
[Black "Toth, Bela"]
[Result "1/2-1/2"]
[WhiteElo "2085"]
[BlackElo "2395"]

1.d4 Nf6 2.c4 e6 3.Nf3 b6 4.Nc3 Bb7 5.a3 d5 6.cxd5 Nxd5 7.Qc2 Be7 8.e4 Nxc3
9.bxc3 c5 10.Bd3 O-O 11.O-O cxd4 12.cxd4 Qc8 13.Qe2 Ba6 14.Bb2 Bxd3 15.Qxd3 Qa6
16.Qxa6 Nxa6 17.Ne5 Rac8 18.Rac1 Nb8 19.Rxc8 Rxc8 20.Rc1 Rxc1+ 21.Bxc1 f6
22.Nc4 Kf7 23.a4 Ke8 24.Kf1 Kd7 25.Ke2 Kc6 26.Na3 Nd7 27.Kd3 a6 28.Kc3 b5
29.axb5+ axb5 30.Nc2 Nb6 31.Ba3 Bd8 32.Nb4+ Kb7 33.Nd3 Nd7 34.Nc5+  1/2-1/2

[Event "SWZ-chT9697"]
[Site "SWZ"]
[Date "1997.??.??"]
[Round "?"]
[White "Klauser, Markus"]
[Black "Cvitan, Ognjen"]
[Result "0-1"]
[WhiteElo "2380"]
[BlackElo "2550"]

1.d4 Nf6 2.c4 e6 3.Nf3 b6 4.Nc3 Bb7 5.a3 d5 6.cxd5 Nxd5 7.Qc2 Be7 8.e4 Nxc3
9.bxc3 Nd7 10.Bd3 c5 11.O-O Rc8 12.Qe2 O-O 13.Rd1 cxd4 14.cxd4 Nf6 15.Bb2 Qc7
16.Ne5 Rfd8 17.h3 Nd7 18.f4 Nxe5 19.fxe5 Bg5 20.a4 Bh6 21.Ra3 Qe7 22.Rb3 Qg5
23.Bc2 Qh4 24.Rc3 Bf4 25.Qf3 Rxc3 26.Bxc3 Qg3 27.Qxg3 Bxg3 28.Bd3 Bc6 29.d5 exd5
30.Bb5 Bxb5 31.axb5 Rc8 32.Rxd5 h5 33.Rd3 h4 34.Kf1 Rc5 35.Rd8+ Kh7 36.Bd4 Rxb5
37.Rd7 Rb4 38.e6 fxe6 39.Bxg7 Kg6 40.Rxa7 e5 41.Ke2 Rxe4+ 42.Kf3 Re1 43.Bh8 e4+
44.Kg4 Rf1  0-1

[Event "SWZ-chT9697"]
[Site "SWZ"]
[Date "1997.??.??"]
[Round "?"]
[White "Goldstern, Flip"]
[Black "Gast, Jonathan"]
[Result "1-0"]
[WhiteElo "2360"]
[BlackElo "2270"]

1.d4 Nf6 2.c4 e6 3.Nf3 b6 4.Nc3 Bb4 5.Bg5 Bxc3+ 6.bxc3 Bb7 7.Nd2 d6 8.f3 h6
9.Bh4 Nbd7 10.e3 Qe7 11.Be2 g5 12.Bf2 h5 13.h4 g4 14.e4 gxf3 15.gxf3 Nf8
16.Qa4+ Qd7 17.Qb3 c5 18.a4 Qc7 19.a5 N6d7 20.Rg1 Ng6 21.Rg5 Ke7 22.Bg3 Rab8
23.axb6 Qxb6 24.Qa3 a6 25.f4 e5 26.fxe5 dxe5 27.dxe5 Qe6 28.Bxh5 Qh3 29.Bxg6 fxg6
30.e6 Kxe6 31.Qa5 Rxh4  1-0

[Event "Nordic Grand Prix"]
[Site "Torshavn"]
[Date "1997.??.??"]
[Round "1"]
[White "Jakobsen, Ole"]
[Black "Hansen, Curt"]
[Result "0-1"]
[WhiteElo "2385"]
[BlackElo "2605"]

1.d4 Nf6 2.c4 e6 3.Nf3 b6 4.Nc3 Bb4 5.Qb3 c5 6.Bg5 Bb7 7.e3 O-O 8.Rd1 cxd4
9.exd4 Bxf3 10.gxf3 Be7 11.Rg1 Re8 12.Be2 d6 13.Kf1 Nbd7 14.Be3 Nf8 15.f4 Ng6
16.d5 Qc8 17.Rg3 Nh4 18.Kg1 Nf5 19.Rg2 Bf8 20.dxe6 Rxe6 21.Nd5 Nxd5 22.cxd5 Rg6
23.Rxg6 hxg6 24.Rc1 Qd8 25.Qc3 Qh4 26.Qc6 Rd8 27.Bf3 Be7 28.Qb7 g5 29.Qxa7 Bf6
30.Qa4 Bd4 31.Bg2 Bxe3 32.fxe3 Nxe3 33.Qe4 gxf4 34.b4 Kf8 35.Qf3 Ra8 36.a4 g6
37.Ra1 Qf6 38.Re1  0-1

[Event "Nordic Grand Prix"]
[Site "Torshavn"]
[Date "1997.??.??"]
[Round "9"]
[White "Hillarp Persson, Tiger"]
[Black "Hansen, Curt"]
[Result "0-1"]
[WhiteElo "2475"]
[BlackElo "2605"]

1.d4 Nf6 2.c4 e6 3.Nf3 b6 4.Nc3 Bb4 5.Bg5 Bb7 6.e3 h6 7.Bh4 Bxc3+ 8.bxc3 d6
9.Nd2 g5 10.Bg3 Nbd7 11.h4 Rg8 12.Rb1 Qe7 13.Be2 Bxg2 14.Rh2 Be4 15.hxg5 hxg5
16.Bf3 Bxb1 17.Bxa8 Bg6 18.Qf3 Kf8 19.Qb7 Nh5 20.Qxc7 Nxg3 21.Bc6 Nf6 22.Qxe7+ Kxe7
23.fxg3 Ng4 24.Rh1 Nxe3 25.Ke2 Ng4 26.a4 f5 27.Bf3 Nf6 28.a5 e5 29.Kf2 e4
30.Bg2 Re8 31.axb6 axb6 32.Ra1 f4 33.Ke1 f3 34.Bf1 Bh5  0-1

[Event "ROM-chT"]
[Site "Tusnad"]
[Date "1997.??.??"]
[Round "?"]
[White "Zhukova, Natalia"]
[Black "Olarasu, Gabriela"]
[Result "1-0"]
[WhiteElo "2320"]
[BlackElo "2305"]

1.d4 Nf6 2.Nf3 e6 3.c4 b6 4.Nc3 Bb7 5.e3 Be7 6.Bd3 d5 7.cxd5 exd5 8.O-O O-O
9.b3 c5 10.Bb2 Na6 11.Rc1 Ne4 12.Ne2 Rc8 13.a3 Nc7 14.Ng3 Ne6 15.dxc5 bxc5
16.Qc2 Bf6 17.Bxe4 dxe4 18.Bxf6 Qxf6 19.Nxe4 Bxe4 20.Qxe4 Qb2 21.Qa4 Rfd8
22.h3 h6 23.Rb1 Qf6 24.Rfd1 Rxd1+ 25.Rxd1 Rc7 26.Qe8+ Kh7 27.a4 Qf5 28.Qb5 Qc2
29.Rd2 Qc1+ 30.Kh2 c4 31.bxc4 Qxc4 32.Qxc4 Rxc4 33.Rd7 Rc7 34.Rxc7 Nxc7 35.Nd4 Kg6
36.e4 Kf6 37.f4 a6 38.Kg3 g6 39.Kf3 Ke7 40.Ke3 Kd6 41.Kd3 Kc5 42.Kc3 f6 43.g3 h5
44.h4 Ne8 45.Nb3+ Kc6 46.Kd4 Ng7 47.Nc5 a5 48.Nb3 Ne6+ 49.Kc4 g5 50.Nd4+ Nxd4
51.Kxd4 gxf4 52.gxf4 Kd6 53.f5  1-0

[Event "VAM Hoogeveen op"]
[Site "Wijk aan Zee"]
[Date "1997.??.??"]
[Round "4"]
[White "Greenfeld, Alon"]
[Black "Jap Tjoen San, Linda"]
[Result "1-0"]
[WhiteElo "2540"]
[BlackElo "2175"]

1.d4 Nf6 2.c4 e6 3.Nf3 b6 4.Nc3 Bb7 5.a3 d5 6.cxd5 exd5 7.Bg5 Be7 8.Qa4+ Qd7
9.Qc2 O-O 10.e3 h6 11.Bh4 Qc8 12.Bd3 Nbd7 13.Bf5 Qd8 14.O-O Re8 15.Rac1 c6
16.Rfe1 Nh5 17.Bxe7 Rxe7 18.b4 Nhf6 19.Qb3 Ne4 20.b5 Ndf6 21.bxc6 Bc8 22.Bxc8 Rxc8
23.Ne5 Nxc3 24.Rxc3 Rec7 25.Rec1 Ne4 26.R3c2 Qd6 27.f3 Ng5 28.a4 Ne6 29.Qb5 Nd8
30.a5 bxa5 31.Rc5 Qe6 32.Rxd5 f6 33.Qc4 Nxc6 34.Rc5 Qxc4 35.Nxc4 Nb4 36.Nxa5 Rxc5
37.Rxc5 Rxc5 38.dxc5 Kf7 39.Kf1 Ke6 40.e4 Kd7 41.Ke2 Na6 42.Nb3 Kc6 43.Nd4+ Kxc5
44.Ne6+ Kc4 45.Nxg7 Nb4 46.Ne8 a5 47.Nd6+ Kb3 48.Nb7 Nc6 49.Ke3 Kc4 50.Nxa5+ Nxa5
51.Kf4 Kd4 52.Kf5 Nc4 53.Kxf6 Ne3 54.g4 Ng2 55.e5 Ke3 56.e6 Nf4 57.Kf7 Nd5
58.h4  1-0

[Event "Rishon Le Ziyyon 9798"]
[Site "Rishon Le Ziyyon"]
[Date "1998.01.01"]
[Round "8"]
[White "Mikhalevski, Alexander"]
[Black "Greenfeld, Alon"]
[Result "0-1"]
[WhiteElo "2470"]
[BlackElo "2540"]

1.d4 Nf6 2.c4 e6 3.Nf3 b6 4.Nc3 Bb4 5.Qc2 Bb7 6.a3 Bxc3+ 7.Qxc3 O-O 8.b3 Ne4
9.Qc2 f5 10.g3 Nf6 11.Bg2 Be4 12.Qc3 d6 13.O-O Qe8 14.Ne1 Bxg2 15.Nxg2 Nc6
16.Bb2 e5 17.d5 Ne7 18.f4 Qh5 19.fxe5 Ng4 20.Nh4 Nxe5 21.Ng2 g5 22.Rf2 Rf6
23.Ne1 N7g6 24.Nf3 Re8 25.Nd4 Ng4 26.Nxf5 Re5 27.Rg2 Rexf5 28.c5 bxc5 29.b4 N6e5
30.bxc5 Qf7 31.Qe1 Ne3 32.cxd6 Rf1+  0-1

[Event "RUS-Cup02"]
[Site "Moscow"]
[Date "1998.01.24"]
[Round "4"]
[White "Neverov, Valeriy"]
[Black "Kodinets, Konstantin L"]
[Result "1/2-1/2"]
[WhiteElo "2540"]
[BlackElo "2405"]

1.d4 Nf6 2.c4 e6 3.Nf3 b6 4.Nc3 Bb4 5.e3 Bb7 6.Bd3 c5 7.O-O Bxc3 8.bxc3 d6
9.Nd2 e5 10.f3 Qe7 11.e4 Nc6 12.d5 Nb8 13.a4 a5 14.Rf2 Nbd7 15.Nf1 h6 16.Ne3 g6
17.g3 O-O-O 18.Rb1 Kc7 19.Rfb2 Rb8 20.Nc2 Ne8 21.Na3 Ba6 22.Nb5+ Kb7 23.Be3 Nc7
24.Na3 Ka7 25.Nc2 Qf8 26.Bf2 Ne8 27.Ne3 Ng7 28.Qc2 Qe7 29.Rf1 Rbf8 30.Qb1 f6
31.Be1 h5 32.h4 Rhg8 33.Rg2 Bc8 34.Bd2 Nb8 35.Kh2 f5 36.exf5 gxf5 37.f4 e4
38.Be2 Rh8 39.Qb3 Ne8 40.Rb1 Qb7 41.Be1 Qc7 42.Bf1 Nf6 43.Rgb2 Nbd7 44.Bh3 Ng4+
45.Bxg4 hxg4 46.Qb5 Bb7 47.Bf2 Rh5  1/2-1/2

[Event "AUT-chT2O 9798"]
[Site "Austria"]
[Date "1998.03.13"]
[Round "13"]
[White "Farago, Ivan"]
[Black "Lau, Ralf"]
[Result "1/2-1/2"]
[WhiteElo "2445"]
[BlackElo "2495"]

1.d4 Nf6 2.c4 e6 3.Nf3 b6 4.Nc3 Bb7 5.a3 d5 6.cxd5 Nxd5 7.Qc2 Nd7 8.e4 Nxc3
9.bxc3 c5 10.Bf4 cxd4 11.cxd4 Rc8 12.Qb3 Be7 13.Bd3 O-O 14.O-O Nb8 15.Rad1 h6
16.Rfe1 Nc6 17.Bb1 Na5 18.Qd3 Nc4 19.Bc1 g6 20.d5 exd5 21.e5 Kh7 22.Nd4 Rc7
23.Ne6 Qc8 24.Nxc7 Qxc7 25.Qh3 Nxe5 26.Bf4 Bd6 27.Bxh6 Rh8 28.Rc1 Qd7 29.Qxd7 Nxd7
30.Be3 Kg7 31.h3 Rh4 32.f4 Nc5 33.Bd4+ f6 34.Bf2  1/2-1/2

[Event "Hampstead GM"]
[Site "Hampstead"]
[Date "1998.03.25"]
[Round "1"]
[White "Crouch, Colin S"]
[Black "Burnett, Ronald"]
[Result "0-1"]
[WhiteElo "2410"]
[BlackElo "2400"]

1.d4 Nf6 2.c4 e6 3.Nf3 b6 4.Nc3 Bb4 5.Bg5 h6 6.Bh4 Bxc3+ 7.bxc3 d6 8.Nd2 Bb7
9.f3 Nbd7 10.e4 Nf8 11.c5 dxc5 12.dxc5 Ng6 13.Qa4+ Qd7 14.Qxd7+ Nxd7 15.Bf2 Nxc5
16.Bxc5 bxc5 17.Nb3 Ke7 18.Nxc5 Rab8 19.O-O-O Bc6 20.Bc4 Ne5 21.Bb3 Rb5 22.Nd3 Nxd3+
23.Rxd3 Rhb8 24.Rhd1 e5 25.Kd2 a5 26.Ke1 Rc5 27.R1d2 f6 28.g3 a4 29.Bd1 Rb1
30.Rc2 Bb5 31.c4 Rxc4 32.Rxc4 Bxc4 33.Rc3 Bxa2 34.Kd2 Bb3 35.Bxb3 Rxb3 36.Rxc7+ Kf8
37.f4 exf4 38.gxf4 Rb2+ 39.Kc3 Rxh2 40.Kd4 Rf2 41.f5 Kg8 42.Ra7 Ra2 43.Kd5 a3
44.Ke6 Re2 45.Ra8+ Kh7 46.Rxa3 Rxe4+ 47.Kf7 Rg4 48.Rh3 Rg5 49.Ke6 h5  0-1

[Event "CZE-chT 9798"]
[Site "CZE"]
[Date "1998.04.04"]
[Round "10"]
[White "Vokac, Marek"]
[Black "Tibensky, Robert"]
[Result "1-0"]
[WhiteElo "2510"]
[BlackElo "2435"]

1.d4 Nf6 2.c4 e6 3.Nf3 b6 4.Nc3 Bb4 5.Bg5 h6 6.Bh4 Bb7 7.e3 c5 8.Bd3 cxd4
9.exd4 Bxc3+ 10.bxc3 d6 11.O-O O-O 12.Nd2 Nbd7 13.Ne4 Bxe4 14.Bxe4 Rc8 15.Bd3 Qc7
16.Bg3 Rfe8 17.a4 Qc6 18.Re1 Red8 19.a5 Re8 20.Qb1 e5 21.axb6 axb6 22.f3 Nh5
23.Bf2 Nf4 24.d5 Qb7 25.Bf1 Nc5 26.g3 Nh5 27.Qb5 Re7 28.Reb1 Rb8 29.Bxc5 bxc5
30.Qc6 Qxc6 31.dxc6 Rxb1 32.Rxb1 Rc7 33.Rb8+ Kh7 34.Bd3+ g6 35.Be4 Nf6 36.Bd5 Kg7
37.Rd8 Re7 38.Rxd6 Ne8 39.Rd8 Nc7 40.Rd7 Kf6 41.Rd8 Ne6 42.Rb8 Rc7 43.Rb7 Rc8
44.Rd7 h5 45.h4 g5 46.hxg5+ Nxg5 47.c7 Ne6 48.Kf2  1-0

[Event "St Petersburg-ch"]
[Site "St Petersburg"]
[Date "1998.04.10"]
[Round "4"]
[White "Solozhenkin, Evgeniy"]
[Black "Biriukov, Oleg V"]
[Result "1/2-1/2"]
[WhiteElo "2500"]
[BlackElo "2390"]

1.d4 Nf6 2.c4 e6 3.Nf3 b6 4.Nc3 Bb7 5.a3 d5 6.cxd5 Nxd5 7.Qc2 Nxc3 8.bxc3 Be7
9.e4 O-O 10.Bd3 c5 11.O-O Qc8 12.Qa2 cxd4 13.cxd4 Ba6 14.Bxa6 Nxa6 15.Rd1 Qb7
16.Qe2 Rfe8 17.Bb2 Rac8 18.h4 Nb8 19.Rd3 Nd7 20.Re1 Nf6 21.Ne5 Nd7 22.d5 exd5
23.Nxd7 Qxd7 24.Rxd5 Qe6 25.h5 Rc5 26.Bd4 Rcc8 27.Qb2 Bf6 28.Bxf6 Qxf6 29.Qxf6 gxf6
30.Rd7 Re5 31.h6 f5 32.Re3 Rxe4 33.Rxe4 fxe4 34.Rxa7 Kf8 35.Ra6 Rc1+ 36.Kh2 Rc6
37.Kg3 Rxh6 38.Kf4 Rg6 39.g3 Re6  1/2-1/2

[Event "Dreifluesse op"]
[Site "Passau"]
[Date "1998.04.11"]
[Round "4"]
[White "Meiser, Markus"]
[Black "Schunk, Herbert"]
[Result "1/2-1/2"]
[WhiteElo "2255"]
[BlackElo "1995"]

1.d4 Nf6 2.c4 e6 3.Nf3 b6 4.Nc3 Bb7 5.Bg5 h6 6.Bh4 g5 7.Bg3 d6 8.e3 Nbd7
9.Qc2 a6 10.O-O-O Bg7 11.Be2 Qe7 12.Rhe1 O-O-O 13.e4 Nh5 14.d5 Nxg3 15.hxg3 h5
16.Bf1 Kb8 17.Ne2 c5 18.dxc6 Bxc6 19.Nfd4 Bb7 20.Nc3 g4 21.Kb1 Ne5 22.Na4  1/2-1/2

[Event "Dreifluesse op"]
[Site "Passau"]
[Date "1998.04.12"]
[Round "6"]
[White "Franz, Gerhard"]
[Black "Liebold, Thomas"]
[Result "1/2-1/2"]
[WhiteElo "2170"]
[BlackElo "1920"]

1.d4 e6 2.c4 Nf6 3.Nc3 b6 4.Nf3 Bb7 5.Bg5 Be7 6.e3 O-O 7.Bd3 h6 8.Bh4 d5
9.cxd5 Nxd5 10.Bxe7 Qxe7 11.O-O Nd7 12.Rc1 c5 13.Bb1 Rfd8 14.Qe2 Rac8 15.Nxd5 Bxd5
16.Rfd1 cxd4 17.Nxd4  1/2-1/2

[Event "St Petersburg-ch"]
[Site "St Petersburg"]
[Date "1998.04.15"]
[Round "8"]
[White "Solozhenkin, Evgeniy"]
[Black "Lugovoi, Aleksei"]
[Result "1/2-1/2"]
[WhiteElo "2500"]
[BlackElo "2540"]

1.d4 Nf6 2.c4 e6 3.Nf3 b6 4.Nc3 Bb4 5.Bg5 Bb7 6.e3 Bxc3+ 7.bxc3 d6 8.Nd2 h6
9.Bh4 Qe7 10.f3 e5 11.e4 Nc6 12.d5 Nb8 13.a4 Nbd7 14.a5 O-O 15.Bd3 Rfb8 16.Bc2 Nc5
17.O-O Bc8 18.Nb3 Nxb3 19.Bxb3 Bd7 20.Ba4 g5 21.Bf2 Nh5 22.g3 Ng7 23.g4 Ne8
24.Bxd7 Qxd7 25.Qa4 Nf6 26.Rfb1 Rc8 27.Rb4 Qxa4 28.Rbxa4 Rab8 29.axb6 axb6
30.h4 Nd7 31.Ra7 Kg7 32.Kg2 Kg6 33.Kg3 Kg7 34.Be3 Kg6 35.R1a2 Kf6 36.Rh2 Kg6
37.Ra1 f6 38.Rha2 Rb7 39.Rh1 Rbb8 40.Rah2 Nf8 41.Ra2 Ra8 42.Rha1  1/2-1/2

[Event "Zepter op"]
[Site "Minsk"]
[Date "1998.04.26"]
[Round "2"]
[White "Zakharevich, Igor"]
[Black "Dudarev, V."]
[Result "1-0"]
[WhiteElo "2530"]
[BlackElo "2315"]

1.d4 Nf6 2.c4 e6 3.Nf3 b6 4.Nc3 Bb7 5.a3 g6 6.Qd3 Bg7 7.e4 d6 8.Be2 O-O 9.O-O Nc6
10.Be3 e5 11.d5 Ne7 12.Nd2 Nd7 13.b4 f5 14.f3 Kh8 15.Nb3 Nf6 16.a4 a5 17.bxa5 bxa5
18.c5 Ba6 19.Nb5 Bxb5 20.axb5 a4 21.Nd2 Nc8 22.Nc4 dxc5 23.Bxc5 Nd6 24.Nxd6 cxd6
25.Be3 Qa5 26.b6 Nd7 27.Rfb1 fxe4 28.fxe4 Nc5 29.Qc4 a3 30.Rb5 Qa4 31.b7 Qxc4
32.Bxc4 Rab8 33.Bxc5 dxc5 34.Rxa3 Bh6 35.Rf3 Kg7 36.Rb6 Rfd8 37.Ba6 Bd2  1-0

[Event "GRE-chT"]
[Site "Poros"]
[Date "1998.04.26"]
[Round "9"]
[White "Rychagov, Andrei"]
[Black "Halkias, Stelios"]
[Result "1-0"]
[WhiteElo "2495"]
[BlackElo "2425"]

1.d4 Nf6 2.Nf3 b6 3.c4 e6 4.Nc3 Bb4 5.e3 Bb7 6.Bd3 O-O 7.O-O d5 8.a3 Bd6
9.Qe2 Ne4 10.Qc2 f5 11.cxd5 exd5 12.Nb5 Nc6 13.Nxd6 cxd6 14.Bd2 Rf6 15.Rac1 Rh6
16.Bb5 Rc8 17.Qa4 Qe8 18.Rc2 g5 19.Rfc1 g4 20.Bxc6 Bxc6 21.Rxc6 Rd8 22.Qa6 gxf3
23.Rc8 Kf7 24.Be1 fxg2 25.Qxa7+ Ke6 26.Rxd8 Qxd8 27.Qc7 Qd7 28.Rc6 b5 29.Qxd7+ Kxd7
30.Rb6 Rg6 31.Rxb5 Kc6 32.Rb8 Rg7 33.a4 Ra7 34.a5 Nf6 35.Rf8 Ne4 36.Rxf5 Rg7
37.f3 Ng5 38.Kxg2 Ne6+ 39.Bg3 Rb7 40.Rf6 Rxb2+ 41.Kh3 Kd7  1-0

[Event "ARG-ch"]
[Site "Buenos Aires"]
[Date "1998.04.29"]
[Round "13"]
[White "Hoffman, Alejandro"]
[Black "Zarnicki, Pablo"]
[Result "1-0"]
[WhiteElo "2510"]
[BlackElo "2515"]

1.d4 Nf6 2.c4 e6 3.Nf3 b6 4.Nc3 Bb7 5.a3 g6 6.Qc2 Bxf3 7.exf3 Bg7 8.Bg5 O-O
9.O-O-O d5 10.cxd5 exd5 11.h4 h6 12.Be3 c6 13.g4 Qd6 14.h5 g5 15.Ne2 Rc8
16.Ng3 c5 17.Nf5 Qe6 18.Kb1 Nc6 19.Ba6 Re8 20.Rhe1 Nxd4 21.Bxd4 Qxe1 22.Bxf6 Bxf6
23.Nxh6+ Kf8 24.Rxe1 Rxe1+ 25.Ka2 Kg7 26.Nf5+ Kh8 27.Ne3  1-0

[Event "Zepter op"]
[Site "Minsk"]
[Date "1998.05.02"]
[Round "8"]
[White "Zakharevich, Igor"]
[Black "Tunik, Gennady"]
[Result "1-0"]
[WhiteElo "2530"]
[BlackElo "2470"]

1.d4 Nf6 2.c4 e6 3.Nf3 b6 4.Nc3 Bb4 5.Bg5 Bb7 6.e3 h6 7.Bh4 g5 8.Bg3 Ne4
9.Qc2 Bxc3+ 10.bxc3 Nxg3 11.fxg3 g4 12.Nh4 Qg5 13.Qd2 Nc6 14.Bd3 f5 15.O-O Ne7
16.a4 O-O 17.a5 Rab8 18.Qe2 Nc8 19.axb6 axb6 20.e4 Nd6 21.exf5 exf5 22.c5 bxc5
23.dxc5 Rbe8 24.Qa2+ Kh7 25.cxd6 Qe3+ 26.Qf2 Qxd3 27.dxc7 Be4 28.Rad1 Qb5
29.Rd6 Re6 30.Qd4 Bc6 31.c4 Qb4 32.Rxc6 dxc6 33.c8=Q Rxc8 34.Qd7+  1-0

[Event "Hamburg-chI"]
[Site "Hamburg"]
[Date "1998.05.30"]
[Round "2"]
[White "Wilhelmi, Christian"]
[Black "Gustafsson, Jan"]
[Result "1/2-1/2"]
[WhiteElo "2445"]
[BlackElo "2385"]

1.Nf3 Nf6 2.c4 b6 3.d4 e6 4.Nc3 Bb4 5.Bg5 h6 6.Bh4 g5 7.Bg3 Ne4 8.Qc2 Bb7
9.e3 Bxc3+ 10.bxc3 Nxg3 11.fxg3 g4 12.Nh4 Qg5 13.Qd2 f5 14.Bd3 Nc6 15.O-O Na5
16.Rf4 O-O-O 17.Rb1 Rhe8 18.c5 d6 19.cxb6 cxb6 20.c4 Kb8 21.d5 exd5 22.cxd5 Re5
23.Rb5 Rxd5 24.Rxd5 Bxd5 25.Bxf5 Bc4 26.Rxg4 Qf6 27.Rd4 d5 28.e4 Nc6 29.Qf4+ Ka8
30.Rd1 dxe4 31.Rxd8+ Qxd8  1/2-1/2

[Event "World op"]
[Site "Philadelphia"]
[Date "1998.06.30"]
[Round "4"]
[White "Formanek, Edward W"]
[Black "Lein, Anatoly"]
[Result "0-1"]
[WhiteElo "2300"]
[BlackElo "2465"]

1.d4 Nf6 2.c4 e6 3.Nf3 b6 4.Nc3 Bb7 5.Bg5 h6 6.Bh4 Be7 7.Qc2 c5 8.e3 d6 9.h3 a6
10.Rc1 Nbd7 11.Be2 Rc8 12.dxc5 Rxc5 13.O-O Qa8 14.Rfd1 O-O 15.Bxf6 Nxf6 16.Na4 Be4
17.Qb3 Ra5 18.Nxb6 Qa7 19.Qb4 Rxa2 20.Qb3 Ra5 21.Qb4 Rc5 22.Na4 Rc7 23.Nd4 Rb8
24.Qd2 e5 25.Nf3 Bc6 26.Ra1 Rcb7 27.Rdb1 Ne4 28.Qc2 Rb4 29.Bd3 Qb7 30.Ne1 Bh4
31.g3 Be7 32.Bf1 Bxa4 33.Rxa4 Rxa4 34.Qxa4 Nc3  0-1

[Event "SVK-ch"]
[Site "Prievidza"]
[Date "1998.07.01"]
[Round "5.2"]
[White "Timoshchenko, Gennadi A"]
[Black "Petrik, Tomas"]
[Result "0-1"]
[WhiteElo "2520"]
[BlackElo "2235"]

1.Nf3 Nf6 2.c4 e6 3.Nc3 b6 4.d4 Bb7 5.a3 d5 6.Qc2 Be7 7.cxd5 Nxd5 8.Bd2 Nd7
9.e4 Nxc3 10.Bxc3 O-O 11.Rd1 Qc8 12.Bd3 c5 13.d5 c4 14.Be2 exd5 15.exd5 Bf6
16.O-O Re8 17.Rfe1 b5 18.Nd4 Qc5 19.Bb4 Qb6 20.Nf5 Nc5 21.Bc3 Rad8 22.Bf3 Nd3
23.Rxe8+ Rxe8 24.Ne3 Bg5 25.Nf5 g6 26.Bd4 Qa5 27.Ne3 Qd8 28.Bxa7 Qa8 29.Bd4 Bxe3
30.Bxe3 Bxd5 31.Bxd5 Qxd5 32.Qc3 Qf5 33.Qd4 Qh5 34.Rf1 Qe2 35.Qf6 Re6 36.Qd8+ Kg7
37.Bd4+ f6 38.h3 Qxf1+  0-1

[Event "Lost Boys op"]
[Site "Antwerp"]
[Date "1998.08.03"]
[Round "4"]
[White "Azmaiparashvili, Zurab"]
[Black "Stefansson, Hannes"]
[Result "1-0"]
[WhiteElo "2655"]
[BlackElo "2535"]

1.d4 Nf6 2.c4 e6 3.Nf3 b6 4.Nc3 Bb7 5.a3 d5 6.Bg5 Be7 7.Qa4+ c6 8.Bxf6 Bxf6
9.e4 dxc4 10.Qxc4 O-O 11.Rd1 Nd7 12.e5 Be7 13.Bd3 b5 14.Qb3 c5 15.Qc2 Bxf3
16.gxf3 Qa5 17.f4 b4 18.Bxh7+ Kh8 19.Rd3 Rfc8 20.Rh3 Nf8 21.Qe2  1-0

[Event "RUS-ch51"]
[Site "St Petersburg"]
[Date "1998.08.04"]
[Round "8"]
[White "Yakovich, Yuri"]
[Black "Epishin, Vladimir"]
[Result "0-1"]
[WhiteElo "2560"]
[BlackElo "2585"]

1.d4 Nf6 2.c4 e6 3.Nf3 b6 4.Nc3 Bb7 5.a3 d5 6.cxd5 Nxd5 7.Qc2 Nxc3 8.bxc3 c5
9.e4 Nd7 10.Bf4 cxd4 11.cxd4 Rc8 12.Qb3 Be7 13.Bd3 Nf6 14.Qb5+ Bc6 15.Qb1 O-O
16.O-O Nh5 17.Be3 Ba4 18.e5 g6 19.Bb5 Bc2 20.Qb2 Be4 21.Ba6 Rc2 22.Qb3 Rc7
23.Nd2 Bd5 24.Qd3 Ng7 25.f3 f6 26.Ne4 fxe5 27.dxe5 Nf5 28.Bf2 Bxe4 29.Qxe4 Bc5
30.Bxc5 Rxc5 31.Rad1 Qc7 32.Rfe1 Rd8 33.Bc4 Rxd1 34.Bxe6+ Kg7 35.Rxd1 Rc1
36.Qe1 Qc5+ 37.Kh1 Rxd1 38.Qxd1 Nd4 39.Bh3 Qxe5 40.g3 Qe3 41.Kg2 a5 42.Bd7 Kf6
43.f4 Ke7 44.Bc8 Qc3 45.a4 Kd6 46.Ba6 Kc5 47.Kh3 Qe3 48.Qf1 Qe6+ 49.Kg2 Qc6+
50.Kh3 Qxa4 51.Qc1+ Kd6 52.Qe3 Qd7+ 53.g4 Kd5 54.Qe5+ Kc6 55.Bd3 b5 56.Be4+ Kb6
57.Bd5 Nc6 58.Qe3+ Kc7 59.Qc5 h5 60.f5 hxg4+ 61.Kxg4 gxf5+ 62.Kg5 Qd8+ 63.Kxf5 Qxd5+  0-1

[Event "Mala mem op"]
[Site "Griesheim"]
[Date "1998.08.07"]
[Round "3"]
[White "Wallrabenstein, Udo"]
[Black "Diehm, Alexander"]
[Result "1-0"]
[WhiteElo "2145"]
[BlackElo "2030"]

1.c4 Nf6 2.Nc3 b6 3.d4 e6 4.Nf3 Bb7 5.Bg5 Bb4 6.e3 h6 7.Bxf6 Bxc3+ 8.bxc3 gxf6
9.Be2 d6 10.Qb3 Nd7 11.a4 Rg8 12.g3 a5 13.O-O-O Qe7 14.Rhe1 d5 15.cxd5 Bxd5
16.c4 Bc6 17.Nd2 Qb4 18.Kb2 Bxa4 19.Qxb4 axb4 20.Bf3 Ra5 21.Ra1 c5 22.Ra2 Ke7
23.Rea1 b5 24.cxb5 Nb6 25.dxc5 Rd8 26.cxb6 Rxd2+ 27.Kc1 Rxa2 28.Rxa2 Kd6
29.Bd1 Rxb5 30.Rxa4 Rxb6 31.Ra7 Kc5 32.Bb3 Rd6 33.Rxf7 e5 34.Rh7 Rd3 35.Bc2  1-0

[Event "CRO-chT"]
[Site "Porec"]
[Date "1998.09.05"]
[Round "1"]
[White "Misanovic, Vesna"]
[Black "Medvegy, Nora"]
[Result "1/2-1/2"]
[WhiteElo "2395"]
[BlackElo "2325"]

1.d4 Nf6 2.c4 e6 3.Nf3 b6 4.Nc3 Bb4 5.e3 Bb7 6.Bd3 O-O 7.O-O c5 8.Bd2 cxd4
9.exd4 Be7 10.Rc1 d6 11.Qe2 Nbd7 12.Rfe1 Re8 13.Ng5 Bf8 14.Nce4 h6 15.Nxf6+ Nxf6
16.Ne4 Nxe4 17.Bxe4 d5 18.Bd3 dxc4 19.Rxc4 Bd5 20.Ra4 Bd6 21.Qg4 Qf6 22.Be4 a5
23.g3 Kh8 24.Qh5 Red8  1/2-1/2

[Event "Budapest FS09 IM-A"]
[Site "Budapest"]
[Date "1998.09.15"]
[Round "11"]
[White "Szeberenyi, Adam"]
[Black "Jagodzinski, Andreas"]
[Result "1/2-1/2"]
[WhiteElo "2230"]
[BlackElo "2215"]

1.d4 Nf6 2.c4 e6 3.Nf3 b6 4.Nc3 Bb4 5.Qb3 Qe7 6.Bg5 h6 7.Bh4 Bb7 8.e3 Na6
9.Bd3 g5 10.Bg3 Ne4 11.O-O Bxc3 12.bxc3 Nxg3 13.fxg3 d6 14.c5 O-O 15.c6 Bc8
16.Rae1 Nb8 17.d5 e5 18.e4 Na6 19.Nd2 Nc5 20.Qc2 a5 21.a4 Nxd3 22.Qxd3 Ba6
23.c4 Rad8 24.Rf2 Bc8 25.Nf1 f6 26.Ne3 Qh7 27.g4 Rf7 28.h3 Rdf8 29.Nf1 h5
30.gxh5 f5 31.exf5 Bxf5 32.Qe2 Bc8 33.Rxf7 Qxf7 34.Ne3 Qf4 35.Rf1 Qe4 36.Rxf8+ Kxf8
37.Qf2+ Kg8 38.Qg3 Qf4 39.Nf1 Ba6 40.Qxf4 gxf4 41.Nd2 Kg7 42.Kf2 Kh6 43.g4 fxg3+
44.Kxg3 Kxh5 45.h4 Kg6 46.Kf3 Kh5  1/2-1/2

[Event "Elista ol (Men)"]
[Site "Elista"]
[Date "1998.09.29"]
[Round "1"]
[White "Abdulla, A."]
[Black "Kurajica, Bojan"]
[Result "0-1"]
[WhiteElo "2290"]
[BlackElo "2570"]

1.d4 Nf6 2.c4 e6 3.Nf3 b6 4.Nc3 Bb4 5.Bg5 Bb7 6.e3 Bxc3+ 7.bxc3 d6 8.Nd2 h6
9.Bh4 Nbd7 10.f3 c5 11.e4 e5 12.Bxf6 Qxf6 13.d5 h5 14.Bd3 Qg5 15.Qe2 h4 16.a4 Nf6
17.Nf1 Nh5 18.Ne3 Nf4 19.Qd2 O-O 20.Bc2 Bc8 21.O-O-O a6 22.Rhg1 b5 23.g3 Nh3
24.Rg2 bxa4 25.f4 exf4 26.gxf4 Qxf4 27.Rf1 Qh6 28.Kb2 f6 29.Bxa4 Rb8+ 30.Ka2 Kh8
31.Nf5 Qxd2+ 32.Rxd2 Bxf5 33.exf5 Rb7 34.Re1 Ng5  0-1

[Event "Szeged TT10 IM"]
[Site "Szeged"]
[Date "1998.10.21"]
[Round "7"]
[White "Papp Z, Csaba"]
[Black "Kozii, Yuri"]
[Result "1/2-1/2"]
[WhiteElo "2310"]
[BlackElo "2280"]

1.d4 Nf6 2.c4 e6 3.Nf3 b6 4.Nc3 Bb4 5.Bg5 Bb7 6.e3 h6 7.Bh4 g5 8.Bg3 Ne4
9.Qc2 Bxc3+ 10.bxc3 d6 11.Bd3 f5 12.d5 Nc5 13.h3 g4 14.Nd4 Qf6 15.O-O Nba6  1/2-1/2

[Event "Panormo zt"]
[Site "Panormo"]
[Date "1998.10.25"]
[Round "2"]
[White "Giorgadze, Giorgi"]
[Black "Edzgveradze, Natalia"]
[Result "1/2-1/2"]
[WhiteElo "2610"]
[BlackElo "2310"]

1.Nf3 Nf6 2.c4 b6 3.d4 e6 4.Nc3 Bb4 5.Bg5 Bb7 6.Qc2 O-O 7.e3 d6 8.Bd3 h6
9.Bh4 c5 10.O-O-O Nbd7 11.d5 Bxc3 12.bxc3 exd5 13.cxd5 Qc7 14.e4 c4 15.Be2 Rfe8
16.Rd4 b5 17.g4 Nxg4 18.Rg1 Nge5 19.Nxe5 dxe5 20.Rdd1 Qd6 21.Rg2 Kf8 22.Qb2 a6
23.f3 g5 24.Bf2 Ke7 25.h4 Rg8 26.Rh1 Rg7 27.hxg5 hxg5 28.Be3 f6 29.Rh6 Rag8
30.Kd1 Nc5 31.Qb4 Nd7 32.Qa5 Rg6 33.Rh7+ R6g7 34.Rgh2 Kf7 35.Ke1 Rxh7 36.Rxh7+ Kg6
37.Rh2 Rc8 38.Kf1 Kg7 39.Kg2 Kg6 40.Rh1 Kg7 41.Rb1 Nc5 42.Qb4  1/2-1/2